| 000 | 00872nam a2200265 b 4500 | ||
|---|---|---|---|
| 003 | OSt | ||
| 005 | 20150810180031.0 | ||
| 008 | 001123s2000 sp | ||| ||spa | ||
| 020 | _a84-8088-438-X | ||
| 040 | _cBMC | ||
| 082 | _a658.04 | ||
| 082 | _a658.4092 | ||
| 100 | 1 |
_aUlrich, Dave _926584 |
|
| 245 | 1 | 0 |
_aLiderazgo basado en resultados _b: cómo los líderes fortalecen la empresa e incrementan los beneficios _cDave Ulrich, Jack Zenger, Norm Smallwood ; [traducción, Margarita Cárdenas] |
| 250 | _a1ª ed | ||
| 260 |
_aBarcelona _bGestión 2000 _c2000 |
||
| 300 |
_a276 p. _c23 cm |
||
| 595 | _aTraducción de: Results based leadership | ||
| 650 | 2 | 4 |
_aLiderazgo _98784 |
| 650 | 2 | 4 |
_93341 _aGestión de empresas |
| 700 | 1 |
_aZenger, John H. _927182 |
|
| 700 | 1 |
_aSmallwood, W. Norman _927183 |
|
| 700 | 1 |
_aCárdenas, Margarita _927181 |
|
| 942 |
_2ddc _cBK |
||
| 999 |
_c14991 _d14991 |
||